Určenie hodnoty CVaR využitím simulácií v kolektívnom modeli rizika

Možnosť určenia hodnoty CVaR prostredníctvom generovania hodnôt celkovej škody. Analýza vplyvu počtu generovaných hodnôt na presnosť jej odhadu.

Guardado en:
Detalles Bibliográficos
Autor principal: Mucha, Vladimír, 1976-
Formato: Capítulo de libro
Lenguaje:eslovaco
Materias:
Etiquetas: Agregar Etiqueta
Sin Etiquetas, Sea el primero en etiquetar este registro!

MARC

LEADER 00000naa a2200000 4500
001 0165499
005 20240502072902.3
041 0 |a slo 
044 |a SK 
245 1 0 |a Určenie hodnoty CVaR využitím simulácií v kolektívnom modeli rizika  |c Vladimír Mucha 
520 |a Možnosť určenia hodnoty CVaR prostredníctvom generovania hodnôt celkovej škody. Analýza vplyvu počtu generovaných hodnôt na presnosť jej odhadu. 
610 2 0 |a poistenie neživotné 
610 2 0 |a matematika poistná 
610 2 0 |a riadenie rizík 
610 2 0 |a simulácia stochastická 
100 1 |a Mucha, Vladimír, 1976-